[Event "European School-ch 2019"]
[Site "Mamaia"]
[Date "2019.06.04"]
[Round "5.45"]
[White "Zhapova, Yana"]
[Black "Babic, Milana"]
[Result "1-0"]
[WhiteElo "1804"]
[BlackElo "1677"]
[Annotator "NA RC"]
[PlyCount "120"]
[EventDate "2019.05.31"]
[EventType "swiss"]
[EventCountry "ROU"]
[SourceTitle "playchess.com"]
[Source "ChessBase"]
[SourceQuality "1"]
[TimeControl "40/5400+30:1800+30"]

1. e4 {[%emt 0:00:00]} c6 {[%emt 0:00:00]} 2. Nc3 {[%emt 0:00:15]} d5 {[%emt 0:00:00]} 3. Nf3 {[%emt 0:00:18]} g6 {[%emt 0:00:00]} 4. d4 {[%emt 0:02:02]} Bg7 {[%emt 0:00:00]} 5. Be2 {[%emt 0:04:16]} dxe4 {[%emt 0:00:39]} 6. Nxe4 {[%emt 0:00:23]} Nd7 {[%emt 0:00:41]} 7. c3 {[%emt 0:04:02]} Ngf6 {[%emt 0:00:14]} 8. Nxf6+ {[%emt 0:00:34]} Nxf6 {[%emt 0:00:07]} 9. Ne5 {[%emt 0:02:21]} O-O {[%emt 0:01:55]} 10. O-O {[%emt 0:00:12]} e6 {[%emt 0:05:40]} 11. Re1 {[%emt 0:03:21]} Nd7 {[%emt 0:02:31]} 12. Nd3 {[%emt 0:06:15]} b6 {[%emt 0:04:26]} 13. Bf3 {[%emt 0:01:08]} Bb7 {[%emt 0:00:08]} 14. Bf4 {[%emt 0:00:28]} Qc8 {[%emt 0:06:05]} 15. Qb3 {[%emt 0:04:07]} a5 {[%emt 0:06:01]} 16. a4 {[%emt 0:02:55]} Ba6 {[%emt 0:02:47]} 17. Rad1 {[%emt 0:03:20]} Bxd3 {[%emt 0:04:05]} 18. Rxd3 {[%emt 0:00:12]} e5 {[%emt 0:03:32]} 19. Bg3 {[%emt 0:06:48]} Ra7 {[%emt 0:11:47]} 20. Qc4 {[%emt 0:05:53]} exd4 {[%emt 0:05:19]} 21. cxd4 {[%emt 0:01:31]} c5 {[%emt 0:01:22]} 22. Bd6 {[%emt 0:06:18]} cxd4 {[%emt 0:04:09]} 23. Qb5 {[%emt 0:11:44]} Rd8 {[%emt 0:04:21]} 24. Rdd1 {[%emt 0:06:27]} Nb8 {[%emt 0:14:46]} 25. Bg3 {[%emt 0:08:12]} Nd7 {[%emt 0:05:36]} 26. Bd6 {[%emt 0:05:52]} Nc5 {[%emt 0:01:01]} 27. Be7 {[%emt 0:01:18]} Rdd7 {[%emt 0:00:55]} 28. Bh4 {[%emt 0:01:55]} Ne6 29. Qxb6 {[%emt 0:01:30]} g5 {[%emt 0:08:00]} 30. Bg3 {[%emt 0:00:19]} Qc5 {[%emt 0:00:16]} 31. Rxe6 {[%emt 0:01:01]} Qxb6 {[%emt 0:00:56]} 32. Rxb6 {[%emt 0:00:05]} f5 {[%emt 0:00:05]} 33. Bb8 {[%emt 0:00:07]} d3 {[%emt 0:00:32]} 34. Bxa7 Rxa7 {[%emt 0:00:05]} 35. Rxd3 {[%emt 0:00:32]} Re7 {[%emt 0:00:10]} 36. Rb8+ {[%emt 0:00:20]} Bf8 {[%emt 0:00:10]} 37. Bd5+ {[%emt 0:00:06]} Kg7 {[%emt 0:00:04]} 38. Rb7 {[%emt 0:00:05]} Rxb7 {[%emt 0:00:08]} 39. Bxb7 {[%emt 0:00:04]} Bb4 {[%emt 0:00:08]} 40. Kf1 {[%emt 0:00:00]} Kf6 {[%emt 0:00:00]} 41. Ke2 {[%emt 0:00:54]} Ke5 {[%emt 0:00:16]} 42. Rd5+ {[%emt 0:00:13]} Kf6 {[%emt 0:00:06]} 43. Bc8 {[%emt 0:00:11]} f4 {[%emt 0:00:06]} 44. h4 {[%emt 0:00:15]} gxh4 {[%emt 0:00:06]} 45. Rf5+ {[%emt 0:00:04]} Ke7 {[%emt 0:00:07]} 46. Rxf4 {[%emt 0:00:07]} Kd6 {[%emt 0:00:15]} 47. Rxh4 {[%emt 0:00:08]} Kc5 {[%emt 0:00:11]} 48. f4 {[%emt 0:00:16]} Kd6 {[%emt 0:00:08]} 49. f5 {[%emt 0:00:05]} Ke7 {[%emt 0:00:12]} 50. Rxh7+ {[%emt 0:00:14]} Kf6 {[%emt 0:00:03]} 51. g4 {[%emt 0:00:23]} Kg5 {[%emt 0:00:07]} 52. Rg7+ {[%emt 0:00:15]} Kf6 {[%emt 0:00:06]} 53. Rg6+ {[%emt 0:00:06]} Kf7 {[%emt 0:00:04]} 54. Be6+ {[%emt 0:00:17]} Ke7 {[%emt 0:00:04]} 55. g5 {[%emt 0:00:10]} Bc5 {[%emt 0:00:13]} 56. Rg7+ {[%emt 0:00:07]} Kf8 {[%emt 0:00:12]} 57. Rf7+ {[%emt 0:00:07]} Ke8 {[%emt 0:00:07]} 58. g6 {[%emt 0:00:07]} Bf8 {[%emt 0:00:10]} 59. f6 {[%emt 0:00:15]} Bh6 {[%emt 0:00:14]} 60. g7 {[%emt 0:00:07]} Bxg7 1-0

[Event "European School-ch 2019"]
[Site "Mamaia"]
[Date "2019.06.04"]
[Round "5.46"]
[White "Rasheva, Nora"]
[Black "Babic, Masa"]
[Result "1/2-1/2"]
[WhiteElo "1473"]
[BlackElo "1715"]
[Annotator "NA RC"]
[PlyCount "164"]
[EventDate "2019.05.31"]
[EventType "swiss"]
[EventCountry "ROU"]
[SourceTitle "playchess.com"]
[Source "ChessBase"]
[SourceQuality "1"]
[TimeControl "40/5400+30:1800+30"]

1. d4 {[%emt 0:00:00]} Nf6 {[%emt 0:00:00]} 2. c4 {[%emt 0:00:00]} d6 {[%emt 0:00:00]} 3. Nc3 {[%emt 0:00:00]} Nbd7 {[%emt 0:00:00]} 4. Nf3 {[%emt 0:00:34]} e5 {[%emt 0:00:00]} 5. e4 {[%emt 0:00:52]} c6 {[%emt 0:00:04]} 6. Be2 {[%emt 0:13:27]} Be7 {[%emt 0:00:15]} 7. O-O {[%emt 0:00:25]} O-O {[%emt 0:00:14]} 8. d5 {[%emt 0:04:43]} Nc5 {[%emt 0:05:13]} 9. Nd2 {[%emt 0:02:01]} a6 {[%emt 0:07:04]} 10. b4 {[%emt 0:01:39]} Ncd7 {[%emt 0:01:15]} 11. a4 {[%emt 0:07:25]} cxd5 {[%emt 0:11:50]} 12. cxd5 {[%emt 0:03:17]} a5 {[%emt 0:06:56]} 13. Ba3 {[%emt 0:10:58]} axb4 {[%emt 0:13:24]} 14. Bxb4 {[%emt 0:00:10]} Nb8 {[%emt 0:06:10]} 15. a5 {[%emt 0:08:36]} Na6 {[%emt 0:02:52]} 16. Bxa6 {[%emt 0:02:48]} bxa6 {[%emt 0:00:07]} 17. Na4 {[%emt 0:03:43]} Rb8 {[%emt 0:03:05]} 18. Nb6 {[%emt 0:02:36]} Bd7 {[%emt 0:01:56]} 19. Qb3 {[%emt 0:07:14]} Bb5 {[%emt 0:01:56]} 20. Rfc1 {[%emt 0:00:19]} Nd7 {[%emt 0:01:32]} 21. Nxd7 {[%emt 0:01:25]} Qxd7 {[%emt 0:00:24]} 22. Qa3 {[%emt 0:00:57]} f5 {[%emt 0:06:01]} 23. Rc2 {[%emt 0:08:06]} fxe4 {[%emt 0:11:12]} 24. Nxe4 {[%emt 0:01:36]} Bd3 {[%emt 0:03:19]} 25. Qxd3 {[%emt 0:00:26]} Rxb4 {[%emt 0:00:07]} 26. Rac1 {[%emt 0:01:16]} Qb5 {[%emt 0:05:35]} 27. Qxb5 {[%emt 0:00:49]} Rxb5 {[%emt 0:00:05]} 28. Rc7 {[%emt 0:01:53]} Re8 {[%emt 0:01:00]} 29. R7c6 {[%emt 0:01:39]} Rxa5 30. Nxd6 {[%emt 0:00:24]} Rf8 {[%emt 0:06:56]} 31. Rd1 {[%emt 0:00:32]} Ra4 {[%emt 0:02:20]} 32. f3 {[%emt 0:02:03]} Rd8 {[%emt 0:00:46]} 33. Nf5 {[%emt 0:03:32]} Bf8 {[%emt 0:00:22]} 34. d6 {[%emt 0:03:52]} g6 {[%emt 0:00:17]} 35. Ne3 {[%emt 0:00:34]} Rd4 {[%emt 0:00:25]} 36. Rxd4 {[%emt 0:00:17]} exd4 {[%emt 0:00:04]} 37. Nc4 {[%emt 0:00:25]} d3 {[%emt 0:01:00]} 38. Kf2 {[%emt 0:00:27]} Re8 {[%emt 0:01:11]} 39. Rc5 {[%emt 0:05:24]} Re2+ {[%emt 0:01:22]} 40. Kg3 {[%emt 0:00:00]} Rc2 {[%emt 0:00:00]} 41. d7 {[%emt 0:04:31]} Be7 {[%emt 0:02:26]} 42. Rc8+ {[%emt 0:00:28]} Kg7 {[%emt 0:00:21]} 43. d8=Q {[%emt 0:00:47]} Bxd8 {[%emt 0:00:10]} 44. Rxd8 {[%emt 0:00:05]} Rxc4 {[%emt 0:00:05]} 45. Rxd3 {[%emt 0:00:07]} a5 {[%emt 0:00:17]} 46. Rd7+ {[%emt 0:00:17]} Kh6 {[%emt 0:00:42]} 47. Ra7 {[%emt 0:00:12]} a4 {[%emt 0:00:05]} 48. f4 {[%emt 0:01:18]} g5 {[%emt 0:06:53]} 49. fxg5+ {[%emt 0:01:16]} Kxg5 {[%emt 0:00:07]} 50. h4+ {[%emt 0:07:30]} Kf5 {[%emt 0:01:39]} 51. Rxh7 {[%emt 0:09:06]} a3 {[%emt 0:00:33]} 52. Ra7 {[%emt 0:00:10]} Rc3+ {[%emt 0:00:05]} 53. Kh2 {[%emt 0:00:09]} Kg4 {[%emt 0:01:46]} 54. Ra4+ {[%emt 0:00:08]} Kf5 {[%emt 0:02:14]} 55. g4+ {[%emt 0:02:33]} Ke5 {[%emt 0:01:00]} 56. h5 {[%emt 0:02:40]} Rc2+ {[%emt 0:01:55]} 57. Kg3 {[%emt 0:00:12]} a2 {[%emt 0:02:10]} 58. Kh4 {[%emt 0:00:39]} Kf6 {[%emt 0:00:18]} 59. Ra6+ {[%emt 0:00:07]} Kg7 {[%emt 0:00:35]} 60. h6+ {[%emt 0:01:08]} Kh7 {[%emt 0:00:21]} 61. Kh5 {[%emt 0:00:58]} Rh2+ {[%emt 0:01:30]} 62. Kg5 {[%emt 0:00:08]} Rg2 {[%emt 0:00:14]} 63. Ra7+ {[%emt 0:00:28]} Kh8 {[%emt 0:00:14]} 64. Kh5 {[%emt 0:03:06]} Rc2 {[%emt 0:00:11]} 65. g5 {[%emt 0:00:45]} Kg8 {[%emt 0:01:05]} 66. h7+ {[%emt 0:00:13]} Kh8 {[%emt 0:00:19]} 67. Kh6 {[%emt 0:03:11]} Rc6+ {[%emt 0:00:09]} 68. Kh5 {[%emt 0:00:17]} a1=Q {[%emt 0:01:14]} 69. Rxa1 {[%emt 0:00:07]} Kxh7 {[%emt 0:00:07]} 70. Ra7+ {[%emt 0:00:10]} Kh8 {[%emt 0:01:07]} 71. Rf7 {[%emt 0:00:58]} Kg8 {[%emt 0:00:29]} 72. Re7 {[%emt 0:01:17]} Kf8 {[%emt 0:00:20]} 73. Rh7 {[%emt 0:00:30]} Kg8 {[%emt 0:00:26]} 74. Rh6 {[%emt 0:00:25]} Rc7 {[%emt 0:00:12]} 75. Rg6+ {[%emt 0:00:48]} Kh7 {[%emt 0:00:35]} 76. Rf6 {[%emt 0:00:56]} Kg7 {[%emt 0:00:09]} 77. Re6 {[%emt 0:01:04]} Kf7 {[%emt 0:00:29]} 78. Rd6 {[%emt 0:01:02]} Kg7 {[%emt 0:00:17]} 79. Rd5 {[%emt 0:02:07]} Rf7 {[%emt 0:01:18]} 80. g6 {[%emt 0:01:03]} Re7 {[%emt 0:00:07]} 81. Rg5 {[%emt 0:00:23]} Re6 {[%emt 0:00:24]} 82. Rd5 {[%emt 0:00:32]} Re7 {[%emt 0:00:08]} 1/2-1/2

[Event "European School-ch 2019"]
[Site "Mamaia"]
[Date "2019.06.04"]
[Round "5.47"]
[White "Bendik, Margarita"]
[Black "Arora, Tashika"]
[Result "0-1"]
[WhiteElo "1077"]
[BlackElo "1471"]
[Annotator "NA RC"]
[PlyCount "72"]
[EventDate "2019.05.31"]
[EventType "swiss"]
[EventCountry "ROU"]
[SourceTitle "playchess.com"]
[Source "ChessBase"]
[SourceQuality "1"]
[TimeControl "40/5400+30:1800+30"]

1. e4 {[%emt 0:00:00]} e5 {[%emt 0:00:00]} 2. Nf3 {[%emt 0:00:00]} Nf6 {[%emt 0:00:00]} 3. Nxe5 {[%emt 0:00:00]} d6 {[%emt 0:00:00]} 4. Nf3 {[%emt 0:00:06]} Nxe4 {[%emt 0:00:00]} 5. Nc3 {[%emt 0:00:06]} Nxc3 {[%emt 0:00:16]} 6. dxc3 {[%emt 0:00:11]} Be7 {[%emt 0:00:13]} 7. Bf4 {[%emt 0:00:32]} O-O {[%emt 0:00:46]} 8. Qd2 {[%emt 0:00:22]} Nc6 {[%emt 0:02:58]} 9. O-O-O {[%emt 0:01:05]} Be6 {[%emt 0:01:54]} 10. Kb1 {[%emt 0:00:28]} a6 {[%emt 0:01:50]} 11. Bd3 {[%emt 0:02:05]} Qd7 {[%emt 0:03:51]} 12. Rhe1 {[%emt 0:01:59]} Rfe8 {[%emt 0:03:11]} 13. Ng5 {[%emt 0:04:59]} Bf5 {[%emt 0:03:30]} 14. Bc4 {[%emt 0:02:04]} Bxg5 {[%emt 0:07:24]} 15. Bxg5 {[%emt 0:00:27]} Re5 {[%emt 0:10:11]} 16. f4 {[%emt 0:02:35]} Ree8 {[%emt 0:02:46]} 17. h3 {[%emt 0:03:09]} Be4 {[%emt 0:05:10]} 18. g4 {[%emt 0:01:09]} Na5 {[%emt 0:12:13]} 19. Bf1 {[%emt 0:04:54]} Qc6 {[%emt 0:03:23]} 20. f5 {[%emt 0:04:05]} Bf3 {[%emt 0:02:00]} 21. Rxe8+ {[%emt 0:04:00]} Rxe8 {[%emt 0:00:14]} 22. Re1 {[%emt 0:00:24]} Be4 {[%emt 0:03:31]} 23. b3 {[%emt 0:05:42]} b5 {[%emt 0:02:53]} 24. h4 {[%emt 0:01:28]} Nb7 {[%emt 0:04:53]} 25. h5 {[%emt 0:02:57]} h6 {[%emt 0:02:03]} 26. Bh4 {[%emt 0:02:41]} d5 {[%emt 0:01:17]} 27. f6 {[%emt 0:00:58]} Qe6 {[%emt 0:05:14]} 28. fxg7 {[%emt 0:02:55]} Kxg7 {[%emt 0:01:48]} 29. g5 {[%emt 0:07:12]} Nd6 {[%emt 0:02:38]} 30. Qd4+ {[%emt 0:03:04]} Kg8 {[%emt 0:02:05]} 31. gxh6 {[%emt 0:01:18]} Qxh6 {[%emt 0:00:31]} 32. Bh3 {[%emt 0:02:25]} Qxh5 {[%emt 0:03:20]} 33. Rg1+ {[%emt 0:01:30]} Bg6 {[%emt 0:00:21]} 34. Rg5 {[%emt 0:04:18]} Qe2 {[%emt 0:00:49]} 35. Qxd5 {[%emt 0:00:48]} Qxc2+ {[%emt 0:00:19]} 36. Ka1 {[%emt 0:00:18]} Qb1# {[%emt 0:00:08]} 0-1

[Event "European School-ch 2019"]
[Site "Mamaia"]
[Date "2019.06.04"]
[Round "5.48"]
[White "Janouskova, Adela"]
[Black "Mikhailina, Olga"]
[Result "0-1"]
[WhiteElo "1330"]
[BlackElo "1338"]
[Annotator "NA RC"]
[PlyCount "112"]
[EventDate "2019.05.31"]
[EventType "swiss"]
[EventCountry "ROU"]
[SourceTitle "playchess.com"]
[Source "ChessBase"]
[SourceQuality "1"]
[TimeControl "40/5400+30:1800+30"]

1. e4 {[%emt 0:00:00]} c5 {[%emt 0:00:00]} 2. c3 {[%emt 0:00:14]} Nf6 {[%emt 0:00:25]} 3. e5 {[%emt 0:00:16]} Nd5 {[%emt 0:00:14]} 4. d4 {[%emt 0:00:13]} cxd4 {[%emt 0:00:19]} 5. cxd4 {[%emt 0:00:07]} d6 {[%emt 0:00:46]} 6. exd6 {[%emt 0:01:33]} Qxd6 {[%emt 0:03:23]} 7. Nc3 {[%emt 0:05:35]} Bf5 {[%emt 0:05:17]} 8. Nxd5 {[%emt 0:09:56]} Qxd5 {[%emt 0:00:36]} 9. Nf3 {[%emt 0:01:18]} Nc6 {[%emt 0:04:37]} 10. Be2 {[%emt 0:02:07]} e6 {[%emt 0:04:21]} 11. O-O {[%emt 0:00:40]} Be7 {[%emt 0:00:54]} 12. Be3 {[%emt 0:01:42]} O-O {[%emt 0:03:04]} 13. Qd2 {[%emt 0:03:15]} Rfd8 {[%emt 0:03:06]} 14. Rfd1 {[%emt 0:01:08]} Rac8 {[%emt 0:02:50]} 15. a3 {[%emt 0:02:07]} Na5 {[%emt 0:03:59]} 16. Qe1 {[%emt 0:09:26]} Bc2 {[%emt 0:11:44]} 17. Rdc1 {[%emt 0:06:47]} Nb3 {[%emt 0:01:04]} 18. Ne5 {[%emt 0:02:47]} Nxa1 {[%emt 0:11:01]} 19. Rxa1 {[%emt 0:00:49]} Bf6 {[%emt 0:07:11]} 20. Nf3 {[%emt 0:00:54]} Qb3 {[%emt 0:01:55]} 21. Bc1 {[%emt 0:07:47]} Bxd4 {[%emt 0:03:56]} 22. Nxd4 {[%emt 0:00:12]} Rxd4 23. Be3 {[%emt 0:02:09]} Rd7 {[%emt 0:03:13]} 24. Bc1 {[%emt 0:02:47]} Rcd8 {[%emt 0:02:44]} 25. Be3 {[%emt 0:03:23]} Bd1 {[%emt 0:04:26]} 26. h3 {[%emt 0:01:21]} Bxe2 {[%emt 0:00:56]} 27. Qxe2 {[%emt 0:00:06]} Rd1+ {[%emt 0:00:40]} 28. Rxd1 {[%emt 0:00:07]} Qxd1+ {[%emt 0:00:13]} 29. Qxd1 {[%emt 0:00:07]} Rxd1+ {[%emt 0:00:04]} 30. Kh2 {[%emt 0:00:06]} Rb1 {[%emt 0:00:29]} 31. Bxa7 {[%emt 0:00:18]} Rxb2 {[%emt 0:00:34]} 32. f3 {[%emt 0:00:53]} f6 {[%emt 0:00:44]} 33. Bc5 {[%emt 0:00:09]} Kf7 {[%emt 0:00:35]} 34. Kg3 {[%emt 0:00:10]} Ke8 {[%emt 0:01:21]} 35. Bb4 {[%emt 0:00:12]} Rxb4 {[%emt 0:02:27]} 36. axb4 {[%emt 0:00:10]} Kd7 {[%emt 0:00:05]} 37. Kf4 {[%emt 0:00:20]} Kc6 {[%emt 0:00:12]} 38. Ke4 {[%emt 0:00:10]} Kb5 {[%emt 0:00:19]} 39. Kd4 {[%emt 0:01:18]} Kxb4 {[%emt 0:00:12]} 40. g4 {[%emt 0:00:00]} Ka4 {[%emt 0:00:00]} 41. Kc5 {[%emt 0:00:35]} b5 {[%emt 0:01:08]} 42. Kd6 {[%emt 0:00:05]} b4 {[%emt 0:01:44]} 43. Kxe6 {[%emt 0:00:12]} b3 {[%emt 0:00:11]} 44. Kf7 {[%emt 0:00:04]} b2 {[%emt 0:00:16]} 45. Kxg7 {[%emt 0:00:09]} b1=Q {[%emt 0:00:06]} 46. Kxf6 {[%emt 0:00:11]} Qg6+ {[%emt 0:02:37]} 47. Ke5 {[%emt 0:00:11]} Qh6 {[%emt 0:00:36]} 48. f4 {[%emt 0:01:47]} Qxh3 {[%emt 0:00:40]} 49. g5 {[%emt 0:00:32]} Qh5 {[%emt 0:01:06]} 50. Kf6 {[%emt 0:01:55]} Qg6+ {[%emt 0:00:20]} 51. Ke5 {[%emt 0:00:19]} Kb5 {[%emt 0:00:32]} 52. f5 {[%emt 0:00:09]} Qxg5 {[%emt 0:00:14]} 53. Ke6 {[%emt 0:00:06]} h5 {[%emt 0:00:19]} 54. f6 {[%emt 0:00:13]} Qxf6+ {[%emt 0:00:10]} 55. Kxf6 {[%emt 0:00:20]} h4 {[%emt 0:00:10]} 56. Kg5 {[%emt 0:00:07]} h3 0-1

[Event "European School-ch 2019"]
[Site "Mamaia"]
[Date "2019.06.04"]
[Round "5.49"]
[White "Aydin, Gulenay"]
[Black "Karaivanova, Petya"]
[Result "1-0"]
[WhiteElo "1967"]
[BlackElo "1688"]
[Annotator "NA RC"]
[PlyCount "79"]
[EventDate "2019.05.31"]
[EventType "swiss"]
[EventCountry "ROU"]
[SourceTitle "playchess.com"]
[Source "ChessBase"]
[SourceQuality "1"]
[TimeControl "40/5400+30:1800+30"]

1. e4 {[%emt 0:00:00]} e5 {[%emt 0:00:00]} 2. Nf3 {[%emt 0:00:00]} Nc6 {[%emt 0:00:00]} 3. Nc3 {[%emt 0:00:00]} Nf6 {[%emt 0:00:00]} 4. Bb5 {[%emt 0:00:00]} Bb4 {[%emt 0:00:17]} 5. O-O {[%emt 0:00:00]} O-O {[%emt 0:00:14]} 6. d3 {[%emt 0:00:05]} Bxc3 {[%emt 0:00:21]} 7. bxc3 {[%emt 0:00:02]} d6 {[%emt 0:00:15]} 8. Bg5 {[%emt 0:00:25]} h6 {[%emt 0:00:21]} 9. Be3 {[%emt 0:20:00]} Ne7 {[%emt 0:04:45]} 10. Nh4 {[%emt 0:15:09]} a6 {[%emt 0:07:43]} 11. Bc4 {[%emt 0:03:10]} b5 {[%emt 0:00:11]} 12. Bb3 {[%emt 0:00:13]} c5 {[%emt 0:00:10]} 13. a4 {[%emt 0:09:05]} Rb8 {[%emt 0:06:24]} 14. Qf3 {[%emt 0:09:50]} Kh7 {[%emt 0:15:16]} 15. axb5 {[%emt 0:06:45]} axb5 {[%emt 0:00:38]} 16. Ra7 {[%emt 0:02:57]} Bd7 {[%emt 0:06:24]} 17. h3 {[%emt 0:04:05]} Qc8 {[%emt 0:11:56]} 18. g4 {[%emt 0:08:31]} Ng6 {[%emt 0:07:55]} 19. Nf5 {[%emt 0:01:59]} Qd8 {[%emt 0:06:32]} 20. Kh2 {[%emt 0:04:19]} Nh8 {[%emt 0:10:03]} 21. g5 {[%emt 0:08:43]} Ng8 {[%emt 0:04:13]} 22. Rg1 {[%emt 0:01:53]} g6 {[%emt 0:06:16]} 23. Nxd6 {[%emt 0:03:08]} c4 {[%emt 0:01:45]} 24. dxc4 {[%emt 0:00:41]} Be6 {[%emt 0:02:23]} 25. c5 {[%emt 0:00:37]} Ra8 {[%emt 0:01:31]} 26. Rb7 {[%emt 0:00:38]} Ne7 {[%emt 0:01:37]} 27. gxh6 {[%emt 0:00:33]} Rb8 {[%emt 0:00:39]} 28. Qf6 {[%emt 0:00:34]} Nf5 {[%emt 0:01:02]} 29. Qxd8 {[%emt 0:00:05]} Rfxd8 {[%emt 0:00:11]} 30. exf5 {[%emt 0:00:22]} Rxb7 {[%emt 0:00:35]} 31. Nxb7 {[%emt 0:00:11]} Rb8 {[%emt 0:00:35]} 32. fxe6 {[%emt 0:00:29]} Rxb7 {[%emt 0:00:05]} 33. c6 {[%emt 0:00:11]} Rc7 {[%emt 0:00:04]} 34. Bb6 {[%emt 0:00:20]} Rxc6 {[%emt 0:00:15]} 35. e7 {[%emt 0:00:04]} Rc8 {[%emt 0:00:22]} 36. Bd8 {[%emt 0:00:06]} Rxc3 {[%emt 0:00:34]} 37. e8=Q {[%emt 0:00:17]} Rf3 {[%emt 0:00:10]} 38. Kg2 {[%emt 0:00:43]} Rf5 {[%emt 0:00:20]} 39. Qf8 {[%emt 0:00:19]} Rh5 {[%emt 0:00:10]} 40. Qg7# {[%emt 0:00:00]} 1-0

[Event "European School-ch 2019"]
[Site "Mamaia"]
[Date "2019.06.04"]
[Round "5.50"]
[White "Putinceva, Marina"]
[Black "Petricenco, Ana"]
[Result "1/2-1/2"]
[WhiteElo "1471"]
[BlackElo "1484"]
[Annotator "NA RC"]
[PlyCount "108"]
[EventDate "2019.05.31"]
[EventType "swiss"]
[EventCountry "ROU"]
[SourceTitle "playchess.com"]
[Source "ChessBase"]
[SourceQuality "1"]
[TimeControl "40/5400+30:1800+30"]

1. e4 {[%emt 0:00:00]} c6 {[%emt 0:00:00]} 2. Nf3 {[%emt 0:00:00]} d5 {[%emt 0:00:00]} 3. exd5 {[%emt 0:00:00]} cxd5 {[%emt 0:00:00]} 4. Ne5 {[%emt 0:00:04]} Nc6 {[%emt 0:00:00]} 5. d4 {[%emt 0:00:33]} e6 {[%emt 0:00:23]} 6. Bb5 {[%emt 0:00:51]} Bd7 {[%emt 0:00:15]} 7. Nxd7 {[%emt 0:00:37]} Qxd7 {[%emt 0:00:08]} 8. c3 {[%emt 0:01:05]} a6 {[%emt 0:00:38]} 9. Bd3 {[%emt 0:00:37]} Bd6 {[%emt 0:00:44]} 10. O-O {[%emt 0:01:06]} Nf6 {[%emt 0:00:19]} 11. Nd2 {[%emt 0:01:28]} O-O {[%emt 0:00:28]} 12. Re1 {[%emt 0:01:13]} Qc7 {[%emt 0:00:29]} 13. Nf3 {[%emt 0:04:28]} b5 {[%emt 0:03:04]} 14. a3 {[%emt 0:01:17]} Rfb8 {[%emt 0:02:26]} 15. Qe2 {[%emt 0:02:05]} Nd7 {[%emt 0:01:05]} 16. Bg5 {[%emt 0:20:55]} Na5 {[%emt 0:04:09]} 17. Ne5 {[%emt 0:09:19]} Nxe5 {[%emt 0:07:01]} 18. dxe5 {[%emt 0:00:11]} Be7 {[%emt 0:00:32]} 19. Bxe7 {[%emt 0:11:22]} Qxe7 {[%emt 0:00:37]} 20. Qh5 {[%emt 0:01:04]} g6 {[%emt 0:01:18]} 21. Qg4 {[%emt 0:04:53]} Rc8 {[%emt 0:02:23]} 22. Qb4 {[%emt 0:02:26]} Qc7 {[%emt 0:05:29]} 23. a4 {[%emt 0:05:32]} Nc4 {[%emt 0:04:29]} 24. Bxc4 {[%emt 0:04:30]} bxc4 {[%emt 0:00:59]} 25. a5 {[%emt 0:01:40]} Rab8 {[%emt 0:00:48]} 26. Qa3 {[%emt 0:00:55]} Rb3 {[%emt 0:03:28]} 27. Qa2 {[%emt 0:00:22]} Rcb8 {[%emt 0:00:29]} 28. Re2 {[%emt 0:05:08]} Qc5 {[%emt 0:01:27]} 29. Rd2 {[%emt 0:02:37]} Qb5 {[%emt 0:00:35]} 30. Rdd1 {[%emt 0:08:43]} Rxb2 {[%emt 0:01:27]} 31. Qa3 {[%emt 0:00:05]} Rb3 {[%emt 0:00:38]} 32. Qe7 {[%emt 0:01:14]} Rxc3 {[%emt 0:05:00]} 33. h3 {[%emt 0:02:06]} Rb3 {[%emt 0:00:29]} 34. Kh2 {[%emt 0:00:28]} d4 {[%emt 0:00:23]} 35. Qd6 {[%emt 0:00:48]} d3 {[%emt 0:01:48]} 36. Rac1 {[%emt 0:00:24]} Rc8 {[%emt 0:02:53]} 37. Qd4 {[%emt 0:02:10]} Qc5 {[%emt 0:05:02]} 38. Qf4 {[%emt 0:01:00]} Qd5 {[%emt 0:00:37]} 39. h4 {[%emt 0:00:49]} Ra3 {[%emt 0:01:09]} 40. h5 {[%emt 0:00:00]} Rxa5 {[%emt 0:00:00]} 41. hxg6 {[%emt 0:03:33]} hxg6 {[%emt 0:04:17]} 42. Kg3 {[%emt 0:00:56]} Ra3 {[%emt 0:01:18]} 43. Kh2 {[%emt 0:00:40]} a5 {[%emt 0:01:47]} 44. Qf6 {[%emt 0:01:26]} c3 {[%emt 0:01:32]} 45. Rh1 {[%emt 0:01:36]} d2 {[%emt 0:01:59]} 46. Rcf1 {[%emt 0:01:46]} Qd3 {[%emt 0:01:24]} 47. f3 {[%emt 0:03:31]} Qf5 {[%emt 0:02:08]} 48. Qe7 {[%emt 0:01:17]} Qxe5+ {[%emt 0:01:42]} 49. f4 {[%emt 0:01:11]} Qc5 {[%emt 0:00:20]} 50. Qf6 {[%emt 0:00:13]} c2 {[%emt 0:00:12]} 51. g3 {[%emt 0:04:36]} c1=Q {[%emt 0:00:27]} 52. f5 {[%emt 0:01:37]} d1=Q {[%emt 0:01:48]} 53. Rxd1 {[%emt 0:00:21]} Qf2+ {[%emt 0:00:10]} 54. Kh3 Qxg3# {[%emt 0:00:07] Rde1} 1/2-1/2